000 00873nam a2200241 4500
003 OSt
005 20260530113858.0
008 260418b1995 mx a|||| |||| 00| 0 spa d
040 _aICI
_bspa
_cICI
041 _aspa
050 _aTF300
_bD35
100 1 _aMuseo Nacional de los Ferrocarriles Mexicanos
_932034
245 1 0 _aDe las Estaciones
264 1 _bSecretaria de Comunicaciones y Transportes :
_bFerrocariles Nacionales de México :
_bMuseo Nacional de los Ferrocarriles Mexicanos,
_c1995
_aMéxico :
300 _a197 páginas :
_bilustraciones
336 _atexto
_2rdacontent
337 _asin medio
_2rdamedia
338 _avolumen
_2rdacarrier
650 _aEstaciones de ferrocarril
_zMéxico
_932035
710 _aMéxico.
_bSecretaría de Comunicaciones y Transportes
_932036
710 _aFerrocarriles Nacionales de México
_932037
942 _2lcc
_cBK
999 _c11711
_d11711